Statistiques concernant Le regroupement des Universités du Québec

Cliquez ici pour prendre le quiz!

Statistiques générales

  • Ce quiz a été pris 25 fois
  • Le résultat moyen est 4 sur 6

Statistiques - réponses

HintRéponse% Correct
UQAMUniversité du Québec à Montréal
100%
UQARUniversité du Québec à Rimouski
81%
UQTRUniversité du Québec à Trois-Rivières
81%
UQACUniversité du Québec à Chicoutimi
71%
UQOUniversité du Québec en Outaouais
62%
UQATUniviersité du Québec en Abitibi-Témiscamingue
24%

Distribution des résultats

Percentile par nombre de réponses

% des personnes avec chaque résultat

Votre développement - résultats

Vous n’avez pas pris ce quiz